000 00238nam a22000857a 4500
008 160630b xxu||||| |||| 00| 0 eng d
100 _91581
_a Sarna, C.S
245 _aTextbook of Mathematics - XII
260 _aNew Delhi
_bArya Publication
_c2005
999 _c1307
_d1307